Dictateurs africains – Trouvez le pays - Statistiques

Statistiques générales
  • Ce quiz a été pris 70 fois
  • Le résultat moyen est 8 sur 14
Statistiques - réponses
Période au pouvoir Dictateur Pays % Correct
1969 – 2011 Mouammar Khadafi Libye
98%
1965 – 1997 Mobutu Sese Seko Zaïre
83%
1987 – 2011 Zine el-Abidine Ben Ali Tunisie
71%
1971 – 1979 Idi Amin Dada Ouganda
66%
1966 – 1979 Jean-Bedel Bokassa RCA
64%
1982 – présent Paul Biya Cameroun
59%
1989 – 2019 Omar al-Bashir Soudan
59%
1981 – 2011 Hosni Moubarak Égypte
58%
1967 – 2009 Omar Bongo Gabon
53%
1958 – 1984 Ahmed Sékou Touré Guinée
51%
1987 – 2017 Robert Mugabe Zimbabwe
41%
1979 – présent Teodoro Obiang Guinée Équatoriale
39%
1996 – 2017 Yahya Jammeh Gambie
24%
1993 – 1998 Sani Abacha Nigeria
22%
Aucun quiz correspondant
Distribution des résultats
% des personnes avec chaque résultat
Percentile par nombre de réponses
Votre historique - résultats
Vous n’avez pas pris ce quiz